000
00325 a2200157 4500
001
70232
020
_a
8504007146
040
_c
Anchieta - Itaigara
100
_a
Murray, Roseana
240
1
0
_a
Retratos
_l
por
245
1
0
_a
Retratos
300
_a
23
362
0
_a
2004
650
4
_a
Literatura infanto-juvenil
942
_c
BK
999
_c
70232
_d
70232